Catálogo general 1981: Ediciones Universitarias de Valparaíso, Universidad de Católica de Valparaíso

Enregistré dans:
Détails bibliographiques
Format: Livre
Langue:espagnol
Publié: Valparaíso EUV 1981
Sujets:
Tags: Ajouter un tag
Pas de tags, Soyez le premier à ajouter un tag!

MARC

LEADER 00000cam a2200000 a 4500
001 UCI6828
003 CL-VaPUC
008 080530e19810000CL |||||||||||||||||spa|d
082 0 4 |a 025.31  |b CAT  |2 21 
245 1 0 |a Catálogo general 1981: Ediciones Universitarias de Valparaíso, Universidad de Católica de Valparaíso 
300 |a 159 p 
942 |c BK 
945 |d 20080530 00:00:00  |a rbrito 
260 |a Valparaíso  |b EUV  |c 1981 
500 |a Donación Padres Capuchinos 
600 0 |a Universidad Católica de Valparaíso  |9 267924 
650 0 |a Catálogos  |9 256258 
650 7 |a PUBLICACIONES  |2 CL-VaPUC  |9 396094 
583 |a last modification  |c 20130718 01:17:05  |k Rodrigo Vera 
999 |c 330276  |d 330274 
952 |0 0  |1 0  |4 0  |6 025_310000000000000_CAT_1981  |7 0  |8 X  |9 415764  |a FDOBUD  |b FDOBUD  |d 2019-11-22  |i 4444205  |o 025.31 CAT 1981  |p 4444205  |r 2019-11-22  |w 2019-11-22  |y BK_X  |k BUD 
952 |0 0  |1 0  |4 0  |6 025_310000000000000_CAT_1981  |7 0  |8 X  |9 415765  |a FDOBUD  |b FDOBUD  |d 2019-11-22  |i 4990404  |o 025.31 CAT 1981  |p 4990404  |r 2019-11-22  |w 2019-11-22  |y BK_X  |k FHP